000 00407nam a2200157Ia 4500
003 GCL
008 140319s9999 xx 000 0 eng d
040 _aGCL /
_cGCL
082 0 4 _a621.3815
_bZ B
100 1 _aZBRA, PAUL B.
245 1 0 _aBASIC ELECTRONICS A TEXT- LABMANUAL /
_cZBRA, PAUL B.
260 _a[S.N] :
_bMC GRAW - HILL ،
_c1994
300 _a381 P
650 0 4 _aELECTRONICS
942 _2ddc
_cBK
999 _c23897
_d23897